Países Árabes - Estadísticas

Estadísticas generales
  • Esta prueba ha sido intentada 48 veces
  • La puntuación promedio es 17 de 21
Estadísticas de respuestas
País % Correcto
Arabia Saudí
93%
Egipto
93%
Libia
93%
Marruecos
93%
Catar
91%
Irak
91%
Omán
91%
Siria
91%
Yemen
91%
Argelia
88%
Emiratos Árabes Unidos
88%
Túnez
88%
Jordania
86%
Kuwait
84%
Baréin
81%
Líbano
81%
Sudán
79%
Mauritania
70%
Somalia
63%
Yibuti
58%
Comoras
30%
No se encontraron pruebas coincidentes
Distribución de puntuación
Porcentaje de gente con cada puntuación
Porcentaje por número respondido
Historial de tus puntuaciones
No has intentado esta prueba.